Vzostup robotov s bielym golierom

Vplyv digitalizácie, robotiky a umelej inteligencie nazamestnanosť. Človek verzus robot.

Salvato in:
Dettagli Bibliografici
Natura: Capitolo di libro
Lingua:slovacco
Soggetti:
Tags: Aggiungi Tag
Nessun Tag, puoi essere il primo ad aggiungerne!!

MARC

LEADER 00000naa a2200000 4500
001 0241549
005 20180327072138.9
041 0 |a slo 
044 |a SK 
245 1 0 |a Vzostup robotov s bielym golierom 
520 |a Vplyv digitalizácie, robotiky a umelej inteligencie nazamestnanosť. Človek verzus robot. 
610 2 0 |a trh práce 
610 2 0 |a digitalizácia 
610 2 0 |a inteligencia umelá 
610 2 0 |a zamestnanosť 
610 2 0 |a robotizácia